LIBRARY & INFORMATION CENTRE, KCAET, TAVANUR

ONLINE PUBLIC ACCESS CATALOGUE (OPAC)

Principles and practices of water management (Record no. 13742)

MARC details
000 -LEADER
fixed length control field 00288nam a22001217a 4500
020 ## - INTERNATIONAL STANDARD BOOK NUMBER
ISBN 8177541838
082 ## - DEWEY DECIMAL CLASSIFICATION NUMBER
Classification number 627.02
Item number PAN/PR
100 ## - MAIN ENTRY--AUTHOR NAME
Personal name Panda, S.C
245 ## - TITLE STATEMENT
Title Principles and practices of water management
260 ## - PUBLICATION, DISTRIBUTION, ETC. (IMPRINT)
Place of publication Jodhpur
Name of publisher Agrobios (India)
Year of publication 2007
300 ## - PHYSICAL DESCRIPTION
Number of Pages 345
942 ## - ADDED ENTRY ELEMENTS (KOHA)
Koha item type Books
Holdings
Withdrawn status Lost status Damaged status Collection code Home library Current library Shelving location Date acquired Source of acquisition Cost, normal purchase price Full call number Accession Number Koha item type
      Non-fiction KAUAET KAUAET General Stacks 31/03/2012 Southern Book star, Tvm 695.00 627.02 PAN/PR 23393 Books
      Non-fiction KAUAET KAUAET General Stacks 30/03/2013 Neoti Book Agency 795.00 627.02 PAN/PR 23847 Books
free website counter